Zufällige Ländervorwahl zum Land - Statistiken

Allgemein
  • Dieses Quiz wurde 110 mal gespielt
  • Das Durchschnittsergebnis liegt bei 7 aus 20
Antwortstatistiken
Vorwahl Land % Korrekt
+20 Ägypten
100%
+54 Argentinien
100%
+1 242 Bahamas
100%
+32 Belgien
100%
+55 Brasilien
100%
+86 China
100%
+506 Costa Rica
100%
+45 Dänemark
100%
+49 Deutschland
100%
+593 Ecuador
100%
+358 Finnland
100%
+33 Frankreich
100%
+30 Griechenland
100%
+592 Guyana
100%
+91 Indien
100%
+62 Indonesien
100%
+964 Irak
100%
+353 Irland
100%
+1 Kanada | Vereinigte Staaten
100%
+57 Kolumbien
100%
+60 Malaysia
100%
+382 Montenegro
100%
+95 Myanmar
100%
+675 Papua-Neuguinea
100%
+595 Paraguay
100%
+48 Polen
100%
+351 Portugal
100%
+685 Samoa
100%
+46 Schweden
100%
+41 Schweiz
100%
+65 Singapur
100%
+421 Slowakei
100%
+386 Slowenien
100%
+34 Spanien
100%
+27 Südafrika
100%
+992 Tadschikistan
100%
+216 Tunesien
100%
+90 Türkei
100%
+998 Usbekistan
100%
+383 Kosovo
83%
+43 Österreich
83%
+40 Rumänien
80%
+251 Äthiopien
75%
+995 Georgien
75%
+507 Panama
75%
+7 Russland
75%
+1 869 St. Kitts und Nevis
75%
+994 Aserbaidschan
67%
+61 Australien
67%
+501 Belize
67%
+975 Bhutan
67%
+387 Bosnien und Herzegowina
67%
+225 Elfenbeinküste
67%
+372 Estland
67%
+39 Italien
67%
+237 Kamerun
67%
+686 Kiribati
67%
+385 Kroatien
67%
+352 Luxemburg
67%
+223 Mali
67%
+47 Norwegen
67%
+51 Peru
67%
+420 Tschechien
67%
+84 Vietnam
67%
+355 Albanien
50%
+213 Algerien
50%
+374 Armenien
50%
+973 Bahrain
50%
+880 Bangladesch
50%
+1 246 Barbados
50%
+267 Botswana
50%
+359 Bulgarien
50%
+502 Guatemala
50%
+354 Island
50%
+972 Israel
50%
+967 Jemen
50%
+238 Kap Verde
50%
+269 Komoren
50%
+53 Kuba
50%
+371 Lettland
50%
+218 Libyen
50%
+261 Madagaskar
50%
+960 Malediven
50%
+356 Malta
50%
+52 Mexiko
50%
+373 Moldawien
50%
+976 Mongolei
50%
+977 Nepal
50%
+64 Neuseeland
50%
+31 Niederlande
50%
+850 Nordkorea
50%
+94 Sri Lanka
50%
+82 Südkorea
50%
+66 Thailand
50%
+379 Vatikanstadt
50%
+7 6xx / 7xx Kasachstan
43%
+376 Andorra
40%
+268 Eswatini
40%
+254 Kenia
40%
+674 Nauru
40%
+591 Bolivien
33%
+1 809 / 829 / 849 Dominikanische Republik
33%
+503 El Salvador
33%
+241 Gabun
33%
+233 Ghana
33%
+509 Haiti
33%
+81 Japan
33%
+974 Katar
33%
+266 Lesotho
33%
+265 Malawi
33%
+212 Marokko
33%
+389 Nordmazedonien
33%
+677 Salomonen
33%
+597 Suriname
33%
+676 Tonga
33%
+256 Uganda
33%
+971 Vereinigte Arabische Emirate
33%
+966 Saudi-Arabien
29%
+240 Äquatorial-Guinea
25%
+253 Dschibuti
25%
+691 Föderierte Staaten von Mikronesien
25%
+504 Honduras
25%
+230 Mauritius
25%
+377 Monaco
25%
+968 Oman
25%
+249 Sudan
25%
+235 Tschad
25%
+236 Zentralafrikanische Republik
25%
+220 Gambia
20%
+258 Mosambik
20%
+264 Namibia
20%
+505 Nicaragua
20%
+227 Niger
20%
+228 Togo
20%
+692 Marshallinseln
17%
+93 Afghanistan
0%
+244 Angola
0%
+1 268 Antigua und Barbuda
0%
+375 Belarus
0%
+229 Benin
0%
+673 Brunei
0%
+226 Burkina Faso
0%
+257 Burundi
0%
+56 Chile
0%
+243 Demokratische Republik Kongo
0%
+1 767 Dominica
0%
+291 Eritrea
0%
+679 Fidschi
0%
+1 473 Grenada
0%
+224 Guinea
0%
+245 Guinea-Bissau
0%
+98 Iran
0%
+1 658 / 876 Jamaika
0%
+962 Jordanien
0%
+855 Kambodscha
0%
+996 Kirgisistan
0%
+965 Kuwait
0%
+856 Laos
0%
+961 Libanon
0%
+231 Liberia
0%
+423 Liechtenstein
0%
+370 Litauen
0%
+222 Mauretanien
0%
+234 Nigeria
0%
+670 Osttimor
0%
+92 Pakistan
0%
+680 Palau
0%
+63 Philippinen
0%
+242 Republik Kongo
0%
+250 Ruanda
0%
+260 Sambia
0%
+378 San Marino
0%
+239 São Tomé und Príncipe
0%
+221 Senegal
0%
+381 Serbien
0%
+248 Seychellen
0%
+232 Sierra Leone
0%
+263 Simbabwe
0%
+252 Somalia
0%
+1 758 St. Lucia
0%
+1 784 St. Vincent und die Grenadinen
0%
+211 Südsudan
0%
+963 Syrien
0%
+886 Taiwan
0%
+255 Tansania
0%
+1 868 Trinidad und Tobago
0%
+993 Turkmenistan
0%
+688 Tuvalu
0%
+380 Ukraine
0%
+36 Ungarn
0%
+598 Uruguay
0%
+678 Vanuatu
0%
+58 Venezuela
0%
+44 Vereinigtes Königreich
0%
+357 Zypern
0%
Keine übereinstimmenden Quizze gefunden
Verteilung der Resultate
Anzahl Personen mit jedem Resultat
Perzentil nach korrekt beantworteten Fragen
Ihre Resultats-Entwicklung
Sie haben dieses Quiz noch nicht gespielt